[Event "Verbandsliga Suedbaden 1718"]
[Site "Baden"]
[Date "2018.04.22"]
[Round "8.6"]
[White "Zimmermann, Peter"]
[Black "Khalil, Alaa El Din"]
[Result "1-0"]
[WhiteElo "2232"]
[BlackElo "2095"]
[PlyCount "99"]
[EventDate "2017.10.08"]
[EventType "team-tourn"]
[EventRounds "9"]
[EventCountry "GER"]
[SourceTitle "EXT 2019"]
[Source "ChessBase"]
[SourceDate "2018.10.10"]
[SourceVersion "1"]
[SourceVersionDate "2018.10.10"]
[SourceQuality "1"]
[WhiteTeam "Waldshut"]
[BlackTeam "Baden-Baden IV"]
[WhiteTeamCountry "GER"]
[BlackTeamCountry "GER"]

1. f4 d5 2. Nf3 c5 3. d3 Nf6 4. c3 Nc6 5. g3 Qc7 6. Bg2 g6 7. 0-0 Bg7 8. Qe1 0-0 9. h3 h5 10. Nh4 e6 11. e4 Re8 12. Qf2 Ne7 13. Be3 b6 14. Na3 Ba6 15. c4 Rad8 16. Rae1 dxe4 17. dxe4 Qc8 18. e5 Nh7 19. g4 hxg4 20. hxg4 Bb7 21. Nb5 Bxg2 22. Qxg2 Rf8 23. Nd6 Qc6 24. Nf3 Nc8 25. Nxc8 Rxc8 26. f5 exf5 27. gxf5 gxf5 28. Bf4 Rce8 29. Rf2 Qg6 30. Re3 Re6 31. Nh4 Qxg2+ 32. Rxg2 Kh8 33. Nxf5 Rg6 34. Reg3 Rxg3 35. Rxg3 Rg8 36. Nd6 Rf8 37. b3 a6 38. a4 a5 39. Kg2 f5 40. Kf3 Ra8 41. Nxf5 Ra7 42. e6 Bf6 43. Rg6 Bc3 44. e7 Ra8 45. Nd6 Nf6 46. Rxf6 Bxf6 47. e8Q+ Rxe8 48. Nxe8 Bd8 49. Nd6 Kg8 50. Ke4 1-0

[Event "Verbandsliga Suedbaden 1718"]
[Site "Baden"]
[Date "2017.12.03"]
[Round "3.6"]
[White "Zimmermann, Peter"]
[Black "Ehret, Thomas"]
[Result "1-0"]
[WhiteElo "2243"]
[BlackElo "2067"]
[PlyCount "105"]
[EventDate "2017.10.08"]
[EventType "team-tourn"]
[EventRounds "9"]
[EventCountry "GER"]
[SourceTitle "EXT 2019"]
[Source "ChessBase"]
[SourceDate "2018.10.10"]
[SourceVersion "1"]
[SourceVersionDate "2018.10.10"]
[SourceQuality "1"]
[WhiteTeam "Waldshut"]
[BlackTeam "Emmendingen II"]
[WhiteTeamCountry "GER"]
[BlackTeamCountry "GER"]

1. Nf3 d5 2. c4 e6 3. e3 Nf6 4. b3 c5 5. Bb2 Nc6 6. d3 Be7 7. Be2 0-0 8. Nbd2 b6 9. 0-0 Bb7 10. Rc1 Re8 11. a3 Nd7 12. Qc2 Bf6 13. d4 Rc8 14. Rfd1 cxd4 15. exd4 Nf8 16. Nf1 Ne7 17. c5 Nc6 18. b4 a6 19. Ne3 Bg5 20. Nxg5 Qxg5 21. Bf1 f5 22. Qb3 f4 23. Nc2 Nd7 24. Ne1 Ne7 25. Qh3 Ng6 26. c6 Rxc6 27. Rxc6 Bxc6 28. Bxa6 Nf6 29. Bd3 Ne4 30. Rc1 Bd7 31. Nf3 Qd8 32. Ne5 Nxe5 33. dxe5 Ng5 34. Qg4 Rf8 35. f3 Nf7 36. Qxf4 Nd6 37. Qg3 Nf5 38. Qf2 Qg5 39. f4 Qd8 40. Bd4 Qa8 41. Rc3 Qa4 42. Bc2 Qb5 43. Bxb6 Ra8 44. Bd4 Nxd4 45. Qxd4 Qe2 46. Qf2 Qa6 47. h3 Bb5 48. Qh4 h6 49. Kh2 Bc4 50. Rg3 Kf8 51. Qg4 Ra7 52. Qg6 Rf7 53. Qh7 1-0

[Event "Oberliga Baden 1213"]
[Site "Baden"]
[Date "2012.10.14"]
[Round "1.8"]
[White "Zimmermann, Peter"]
[Black "Tiemann, Tobias"]
[Result "1-0"]
[WhiteElo "2251"]
[BlackElo "1967"]
[PlyCount "87"]
[EventDate "2012.10.14"]
[EventType "team-tourn"]
[EventRounds "9"]
[EventCountry "GER"]
[SourceTitle "EXT 2014"]
[Source "ChessBase"]
[SourceDate "2013.11.20"]
[SourceVersion "1"]
[SourceVersionDate "2013.11.20"]
[SourceQuality "1"]
[WhiteTeam "Waldshut"]
[BlackTeam "Baden-Baden III"]
[WhiteTeamCountry "GER"]
[BlackTeamCountry "GER"]

1. f4 d5 2. Nf3 Bg4 3. e3 Nf6 4. h3 Bxf3 5. Qxf3 e6 6. d3 c5 7. e4 Nc6 8. c3 Be7 9. Be2 Qb6 10. Nd2 h5 11. g3 g6 12. Nf1 Qc7 13. Ne3 0-0-0 14. Bd2 Kb8 15. Nc2 Na5 16. e5 Nd7 17. b4 cxb4 18. Nxb4 Bxb4 19. cxb4 Nc6 20. Qe3 Qb6 21. a3 Nd4 22. Bd1 Rc8 23. Ra2 Rc7 24. Kf2 a6 25. a4 Qa7 26. Kg2 Nf5 27. Qxa7+ Kxa7 28. g4 Ng7 29. a5 Kb8 30. Rc2 Rxc2 31. Bxc2 hxg4 32. hxg4 Rxh1 33. Kxh1 b5 34. axb6 Nxb6 35. Kg2 Kc7 36. Kg3 g5 37. fxg5 Kc6 38. Kf4 d4 39. Ke4 Kb5 40. Bb3 Ne8 41. Kxd4 Nc7 42. Bc4+ Nxc4 43. dxc4+ Kc6 44. Be3 1-0

[Event "SUI-ch op"]
[Site "Lenzerheide"]
[Date "2010.07.16"]
[Round "9"]
[White "Zimmermann, Peter"]
[Black "Filipovic, Branko"]
[Result "0-1"]
[WhiteElo "2276"]
[BlackElo "2415"]
[PlyCount "60"]
[EventDate "2010.07.08"]
[EventType "swiss"]
[EventRounds "9"]
[EventCountry "SUI"]
[SourceTitle "CBM 137 Extra"]
[Source "ChessBase"]
[SourceDate "2010.09.01"]
[SourceVersion "1"]
[SourceVersionDate "2010.09.01"]
[SourceQuality "1"]

1. e4 b6 2. d4 Bb7 3. Bd3 e6 4. Nf3 c5 5. c3 Nf6 6. Qe2 Be7 7. 0-0 Nc6 8. Nbd2 d5 9. dxc5 bxc5 10. exd5 Qxd5 11. Ba6 Bxa6 12. Qxa6 0-0 13. Nc4 Nb8 14. Qa4 Nbd7 15. Bg5 Nb6 16. Nxb6 axb6 17. Qb5 h6 18. Bxf6 Bxf6 19. a3 Rfd8 20. h3 c4 21. Qxb6 Rab8 22. Qa6 Rxb2 23. Rad1 Qxd1 24. Rxd1 Rxd1+ 25. Kh2 Rxf2 26. Qxc4 Rc1 27. Qb5 Rcc2 28. Qe8+ Kh7 29. Kg3 Rxg2+ 30. Kf4 Rce2 0-1

[Event "SUI-ch"]
[Site "Graechen"]
[Date "2009.07.15"]
[Round "7"]
[White "Zimmermann, Peter"]
[Black "Simon, Ralf Axel"]
[Result "0-1"]
[WhiteElo "2280"]
[BlackElo "2165"]
[PlyCount "60"]
[EventDate "2009.07.09"]
[EventType "swiss"]
[EventRounds "9"]
[EventCountry "SUI"]
[SourceTitle "CBM 131 Extra"]
[Source "ChessBase"]
[SourceDate "2009.09.03"]
[SourceVersion "2"]
[SourceVersionDate "2009.09.16"]
[SourceQuality "1"]

1. e4 c5 2. c3 Nf6 3. e5 Nd5 4. d4 cxd4 5. Nf3 Nc6 6. cxd4 d6 7. Bc4 Nb6 8. Bb5 dxe5 9. Nxe5 Bd7 10. Nxd7 Qxd7 11. Nc3 Rd8 12. 0-0 e6 13. Qg4 h5 14. Qg3 h4 15. Qg4 h3 16. Bg5 Be7 17. Rad1 hxg2 18. Rfe1 Bxg5 19. Qxg5 Qd6 20. Qe5 Qxe5 21. dxe5 Ke7 22. Bxc6 bxc6 23. Rc1 Rh5 24. Re2 Rdh8 25. Kxg2 Rxh2+ 26. Kf3 R2h3+ 27. Kg2 Rh2+ 28. Kf3 R8h3+ 29. Ke4 Nd7 30. f4 f5+ 0-1

[Event "SUI-ch"]
[Site "Graechen"]
[Date "2009.07.10"]
[Round "2"]
[White "Paladini, Jean Michel"]
[Black "Zimmermann, Peter"]
[Result "0-1"]
[WhiteElo "2110"]
[BlackElo "2280"]
[PlyCount "112"]
[EventDate "2009.07.09"]
[EventType "swiss"]
[EventRounds "9"]
[EventCountry "SUI"]
[SourceTitle "CBM 131 Extra"]
[Source "ChessBase"]
[SourceDate "2009.09.03"]
[SourceVersion "2"]
[SourceVersionDate "2009.09.16"]
[SourceQuality "1"]

1. c4 c6 2. Nf3 Nf6 3. Nc3 d5 4. e3 Bf5 5. d4 e6 6. Qb3 Qc7 7. Be2 Nbd7 8. 0-0 Be7 9. h3 h6 10. Bd2 0-0 11. Rfc1 Rac8 12. cxd5 exd5 13. a4 Rfe8 14. a5 Qb8 15. Na4 Ne4 16. Bb4 Bd8 17. Nc5 Ndxc5 18. dxc5 Bf6 19. Bf1 Re7 20. Nd4 Bg6 21. Be1 Rce8 22. Ra4 a6 23. Qd1 Qa7 24. Ra2 Re5 25. Nf3 R5e7 26. Nd4 Qb8 27. Ra3 Qc7 28. Rb3 Be5 29. Nf3 Bf6 30. Nh2 Rd7 31. Nf3 Be7 32. Bb4 f5 33. Nd4 Bh4 34. Be1 Rf7 35. Be2 Qe7 36. g3 Bf6 37. Bb4 Ng5 38. Kh2 Qd7 39. h4 Ne4 40. Kg2 Be5 41. Bf3 Rff8 42. Ne2 Bf7 43. Nd4 g6 44. Rd3 Qc7 45. Be1 Re7 46. h5 Qd7 47. hxg6 Bxg6 48. Bh5 Qe8 49. Bxg6 Qxg6 50. b4 Nf6 51. Nf3 Ng4 52. Bc3 Bc7 53. Qb3 Nxe3+ 54. Kg1 Qg4 55. Ne1 Bxg3 56. Rd4 Bf4+ 0-1

[Event "Lenk op 21st"]
[Site "Lenk"]
[Date "2009.04.10"]
[Round "3"]
[White "Zimmermann, Peter"]
[Black "Burnier, David"]
[Result "1-0"]
[WhiteElo "2239"]
[BlackElo "2331"]
[PlyCount "91"]
[EventDate "2009.04.09"]
[EventType "swiss"]
[EventRounds "7"]
[EventCountry "SUI"]
[SourceTitle "CBM 130 Extra"]
[Source "ChessBase"]
[SourceDate "2009.07.02"]
[SourceVersion "2"]
[SourceVersionDate "2009.07.15"]
[SourceQuality "1"]

1. e4 e5 2. Bc4 Nf6 3. d3 Nc6 4. Nf3 Be7 5. c3 0-0 6. Bb3 d6 7. Nbd2 Na5 8. Bc2 c5 9. h3 Qc7 10. Nf1 d5 11. Qe2 dxe4 12. dxe4 Be6 13. Ne3 Rad8 14. Nh2 c4 15. Nhg4 b5 16. Qf3 Ne8 17. Qg3 f6 18. Nf5 Bc5 19. h4 Nb7 20. h5 a5 21. h6 g6 22. Ng7 Nxg7 23. hxg7 Qxg7 24. Bh6 Qe7 25. Bxf8 Rxf8 26. a3 a4 27. Rd1 Nd6 28. Ne3 Nf7 29. Nd5 Bxd5 30. Rxd5 Ng5 31. 0-0 Ne6 32. Qg4 Nf4 33. Rd2 Rd8 34. Rfd1 Rxd2 35. Rxd2 Ne6 36. Qd1 Nf8 37. Rd8 Qa7 38. Qd2 Kg7 39. Bd1 Qb6 40. Kf1 h5 41. g3 Be7 42. Rd5 Bc5 43. g4 hxg4 44. Bxg4 Kh7 45. Rd8 Kg7 46. Rc8 1-0

[Event "SUI-ch op"]
[Site "Samnaun"]
[Date "2008.07.12"]
[Round "3"]
[White "Zimmermann, Peter"]
[Black "Paehtz, Thomas Sr"]
[Result "1/2-1/2"]
[WhiteElo "2205"]
[BlackElo "2437"]
[PlyCount "41"]
[EventDate "2008.07.08"]
[EventType "tourn"]
[EventRounds "9"]
[EventCountry "SUI"]
[SourceTitle "CBM 125 Extra"]
[Source "ChessBase"]
[SourceDate "2008.09.01"]
[SourceVersion "1"]
[SourceVersionDate "2008.09.01"]
[SourceQuality "1"]

1. e4 e6 2. d4 d5 3. Nc3 Nf6 4. Bg5 dxe4 5. Nxe4 Be7 6. Bxf6 gxf6 7. Nf3 f5 8. Ned2 c5 9. dxc5 Bxc5 10. Qe2 Nc6 11. 0-0-0 Qc7 12. Nc4 f6 13. Nfd2 Nd4 14. Qh5+ Qf7 15. Qh3 b5 16. Na5 Bb6 17. Nab3 Nxb3+ 18. Nxb3 a6 19. Be2 0-0 20. Bf3 Ra7 21. Rd3 1/2-1/2

[Event "SUI-ch op"]
[Site "Leukerbad"]
[Date "2007.07.13"]
[Round "2"]
[White "Zimmermann, Peter"]
[Black "Cherniaev, Alexander"]
[Result "0-1"]
[WhiteElo "2183"]
[BlackElo "2501"]
[PlyCount "68"]
[EventDate "2007.07.12"]
[EventType "swiss"]
[EventRounds "9"]
[EventCountry "SUI"]
[SourceTitle "CBM 119 Extra"]
[Source "ChessBase"]
[SourceDate "2007.09.04"]
[SourceVersion "1"]
[SourceVersionDate "2007.09.04"]
[SourceQuality "1"]

1. e4 g6 2. d4 Bg7 3. Nc3 d6 4. Be3 a6 5. Qd2 Nd7 6. f3 e6 7. g4 h6 8. Nge2 Ne7 9. Bg2 b5 10. 0-0 h5 11. f4 hxg4 12. f5 e5 13. dxe5 Bxe5 14. Bf4 Bb7 15. Ng3 Bxf4 16. Qxf4 Ne5 17. Nd5 Nxd5 18. exd5 Qh4 19. a4 Qxh2+ 20. Kf2 Bxd5 21. Rg1 Kf8 22. Ne2 Qxf4+ 23. Nxf4 Bxg2 24. Rxg2 gxf5 25. axb5 Kg7 26. bxa6 Rhb8 27. b3 Rb6 28. Rh2 Rbxa6 29. Rah1 Ra1 30. Rh7+ Kf8 31. R1h5 R8a2 32. Rxf5 Rxc2+ 33. Ke3 Re1+ 34. Kd4 c5+ 0-1

[Event "Verbandsliga Sued Baden 0607"]
[Site "Germany"]
[Date "2007.01.14"]
[Round "5.4"]
[White "Zimmermann, Peter"]
[Black "Schmider, Bernd"]
[Result "1-0"]
[WhiteElo "2027"]
[BlackElo "2158"]
[PlyCount "85"]
[EventDate "2006.10.22"]
[EventType "team"]
[EventRounds "9"]
[EventCountry "GER"]
[SourceTitle "EXT 2008"]
[Source "ChessBase"]
[SourceDate "2007.11.25"]
[SourceVersion "1"]
[SourceVersionDate "2007.11.25"]
[SourceQuality "1"]
[WhiteTeam "Waldshut II"]
[BlackTeam "Lahr"]
[WhiteTeamCountry "GER"]
[BlackTeamCountry "GER"]

1. e4 Nf6 2. e5 Nd5 3. d4 d6 4. c4 Nb6 5. exd6 cxd6 6. Nc3 g6 7. Be3 Bg7 8. Qd2 Nc6 9. d5 Ne5 10. b3 h5 11. h3 Bf5 12. f4 Ned7 13. Nge2 Nf6 14. Rd1 Nbd7 15. Ng3 Nc5 16. Nxf5 gxf5 17. Bxc5 dxc5 18. Bd3 Ne4 19. Bxe4 fxe4 20. Nxe4 Bd4 21. Ng5 Qd6 22. Nf3 Bf6 23. 0-0 0-0-0 24. Ne5 Rh7 25. Qa5 Kb8 26. Rfe1 Rg8 27. b4 b6 28. bxc5 Qxc5+ 29. Qxc5 bxc5 30. Nd7+ Ka8 31. d6 Bd4+ 32. Rxd4 cxd4 33. dxe7 Re8 34. Nf6 Rhh8 35. Nxe8 Rxe8 36. Re5 f6 37. Re6 Kb7 38. Kf1 Kc7 39. Ke2 Kd7 40. f5 h4 41. Kd3 Rxe7 42. Rxe7+ Kxe7 43. c5 1-0

[Event "Verbandsliga Sued Baden 0607"]
[Site "Germany"]
[Date "2006.12.17"]
[Round "4.3"]
[White "Zimmermann, Peter"]
[Black "Scherer, Max"]
[Result "1/2-1/2"]
[WhiteElo "2027"]
[BlackElo "2251"]
[PlyCount "127"]
[EventDate "2006.10.22"]
[EventType "team"]
[EventRounds "9"]
[EventCountry "GER"]
[SourceTitle "EXT 2008"]
[Source "ChessBase"]
[SourceDate "2007.11.25"]
[SourceVersion "1"]
[SourceVersionDate "2007.11.25"]
[SourceQuality "1"]
[WhiteTeam "Waldshut II"]
[BlackTeam "Dreisamtal"]
[WhiteTeamCountry "GER"]
[BlackTeamCountry "GER"]

1. Nf3 b6 2. e4 e6 3. d4 Bb7 4. Bd3 c5 5. 0-0 Be7 6. Nbd2 Qc7 7. c4 cxd4 8. Nxd4 a6 9. Qe2 d6 10. Rb1 Nd7 11. f4 Ngf6 12. b4 Rd8 13. N2f3 0-0 14. Ng5 Rfe8 15. g4 d5 16. cxd5 exd5 17. e5 Ne4 18. e6 Bxg5 19. exf7+ Kxf7 20. fxg5+ Kg8 21. Qb2 Ne5 22. Bf4 Qc3 23. Qxc3 Nxc3 24. Bf5 Ng6 25. Be6+ Kh8 26. Bc7 Nxb1 27. Bxd8 Nd2 28. Rf7 Bc6 29. Bxb6 Ne4 30. Rc7 Ba4 31. Rc8 Nxg5 32. Rxe8+ Bxe8 33. Bxd5 Ne5 34. Bb7 Bf7 35. Bxa6 Bxa2 36. Bd8 Ngf7 37. Bc7 Nxg4 38. Be2 Nge5 39. b5 Bd5 40. b6 Nd7 41. Bb5 Nc5 42. Bc6 Bxc6 43. Nxc6 Nb7 44. Kg2 g5 45. Ne5 Kg7 46. Nxf7 Kxf7 47. Kf3 h5 48. Ke4 Ke6 49. Kd4 h4 50. Ke4 Nc5+ 51. Kf3 Kf5 52. Bd8 Nb7 53. Be7 Na5 54. Bc5 Nb7 55. Bf2 Na5 56. Be1 Nb7 57. h3 Nd6 58. Bf2 Nb7 59. Ke3 g4 60. Bxh4 gxh3 61. Bg3 Ke6 62. Kd4 Kd7 63. Kd5 Nd8 64. Bh2 1/2-1/2

[Event "Verbandsliga Sued Baden 0607"]
[Site "Germany"]
[Date "2006.10.22"]
[Round "1.5"]
[White "Zimmermann, Peter"]
[Black "Monteforte, Klaus"]
[Result "1-0"]
[WhiteElo "2027"]
[BlackElo "1930"]
[PlyCount "35"]
[EventDate "2006.10.22"]
[EventType "team"]
[EventRounds "9"]
[EventCountry "GER"]
[SourceTitle "EXT 2008"]
[Source "ChessBase"]
[SourceDate "2007.11.25"]
[SourceVersion "1"]
[SourceVersionDate "2007.11.25"]
[SourceQuality "1"]
[WhiteTeam "Waldshut II"]
[BlackTeam "Konstanz"]
[WhiteTeamCountry "GER"]
[BlackTeamCountry "GER"]

1. f4 e5 2. e4 d5 3. exd5 e4 4. Nc3 Nf6 5. Qe2 Bd6 6. d3 Bg4 7. Qe3 0-0 8. dxe4 Re8 9. Bd3 Bb4 10. Bd2 Bxc3 11. Bxc3 Nxd5 12. Qd4 Nxc3 13. Qxd8 Rxd8 14. bxc3 Nd7 15. h3 Nc5 16. hxg4 Nxd3+ 17. cxd3 Rxd3 18. Rh3 1-0

[Event "Verbandsliga Sued Baden 0506"]
[Site "Germany"]
[Date "2006.05.07"]
[Round "9.4"]
[White "Richter, Klaus"]
[Black "Zimmermann, Peter"]
[Result "0-1"]
[WhiteElo "2031"]
[BlackElo "1982"]
[PlyCount "60"]
[EventDate "2005.10.16"]
[EventType "team"]
[EventRounds "9"]
[EventCountry "GER"]
[SourceTitle "EXT 2007"]
[Source "ChessBase"]
[SourceDate "2006.11.23"]
[SourceVersion "1"]
[SourceVersionDate "2006.11.23"]
[SourceQuality "1"]
[WhiteTeam "Donaueschingen"]
[BlackTeam "Waldshut Tiengen II"]
[WhiteTeamCountry "GER"]
[BlackTeamCountry "GER"]

1. e4 Nc6 2. d4 d5 3. e5 Bf5 4. c3 e6 5. Nf3 Nge7 6. Na3 Qd7 7. Be2 f6 8. exf6 gxf6 9. Nh4 Be4 10. Bh5+ Ng6 11. Nc2 0-0-0 12. Nxg6 hxg6 13. Bf3 e5 14. Bxe4 dxe4 15. Be3 Qe6 16. Qe2 exd4 17. Nxd4 Nxd4 18. Bxd4 Bh6 19. b4 Kb8 20. a4 Bf4 21. Qa2 Qg4 22. g3 Qf3 23. Rf1 Be5 24. Rd1 Rxh2 25. Qc4 b6 26. a5 e3 27. Qe2 exf2+ 28. Rxf2 Rxf2 29. Bxf2 Bxc3+ 30. Kf1 Rxd1+ 0-1

[Event "SUI-chT"]
[Site "Switzerland"]
[Date "2004.09.04"]
[Round "6.5"]
[White "Cvitan, Ognjen"]
[Black "Zimmermann, Peter"]
[Result "1-0"]
[WhiteElo "2481"]
[BlackElo "2203"]
[PlyCount "93"]
[EventDate "2004.02.29"]
[EventType "team-tourn"]
[EventRounds "9"]
[EventCountry "SUI"]
[SourceTitle "EXT 2005"]
[Source "ChessBase"]
[SourceDate "2004.11.15"]
[SourceVersion "1"]
[SourceVersionDate "2004.11.15"]
[SourceQuality "1"]
[WhiteTeam "Biel"]
[BlackTeam "Bern"]
[WhiteTeamCountry "SUI"]
[BlackTeamCountry "SUI"]

1. c4 c6 2. e4 d5 3. exd5 cxd5 4. cxd5 Nf6 5. Nc3 Nxd5 6. Nf3 Nc6 7. Bb5 e6 8. 0-0 Be7 9. d4 0-0 10. Re1 Bd7 11. Bd3 Ncb4 12. Bb1 Rc8 13. a3 Nxc3 14. bxc3 Nd5 15. Qd3 g6 16. c4 Nb6 17. Ba2 Bf6 18. Bh6 Re8 19. Ne5 Ba4 20. Qe3 Bh8 21. Rac1 Nd7 22. Nf3 Nb8 23. Qf4 Qf6 24. Qg3 b5 25. Bg5 Qg7 26. cxb5 Qf8 27. Rxc8 Rxc8 28. Ne5 Bxe5 29. Qxe5 Nd7 30. Qe3 Bxb5 31. d5 exd5 32. Bxd5 Nb6 33. Bb3 Re8 34. Be7 Qg7 35. h3 Bc4 36. Bxc4 Nxc4 37. Qxa7 Qc3 38. Rd1 Qc2 39. Rf1 Nd2 40. Re1 Qc6 41. Qd4 Nb3 42. Qd1 Na5 43. Bb4 Nc4 44. Rxe8+ Qxe8 45. Qd4 Qe6 46. Qd8+ Kg7 47. Bf8+ 1-0

[Event "Bern op"]
[Site "Bern"]
[Date "2004.02.14"]
[Round "5"]
[White "Zimmermann, Peter"]
[Black "Nabavi, Parwis"]
[Result "1-0"]
[WhiteElo "2289"]
[BlackElo "2122"]
[PlyCount "49"]
[EventDate "2004.02.??"]
[EventType "swiss"]
[EventRounds "7"]
[EventCountry "SUI"]
[SourceTitle "EXT 2005"]
[Source "ChessBase"]
[SourceDate "2004.11.15"]
[SourceVersion "1"]
[SourceVersionDate "2004.11.15"]
[SourceQuality "1"]

1. e4 c5 2. c3 Nf6 3. e5 Nd5 4. d4 cxd4 5. Nf3 Nc6 6. Bc4 Nb6 7. Bb3 d6 8. exd6 Qxd6 9. 0-0 Be6 10. Na3 dxc3 11. Qe2 Bxb3 12. Nb5 Qb8 13. axb3 e5 14. bxc3 Be7 15. Bg5 Bxg5 16. Nxg5 0-0 17. Rfd1 h6 18. Ne4 a6 19. Nbd6 Qc7 20. Nf6+ Kh8 21. Qe4 g6 22. Nf5 Ne7 23. Nxe7 Qxe7 24. Qh4 h5 25. Qg5 1-0

[Event "Bern op"]
[Site "Bern"]
[Date "2004.02.13"]
[Round "4"]
[White "Arquint, Andri"]
[Black "Zimmermann, Peter"]
[Result "1/2-1/2"]
[WhiteElo "2108"]
[BlackElo "2289"]
[PlyCount "106"]
[EventDate "2004.02.??"]
[EventType "swiss"]
[EventRounds "7"]
[EventCountry "SUI"]
[SourceTitle "EXT 2005"]
[Source "ChessBase"]
[SourceDate "2004.11.15"]
[SourceVersion "1"]
[SourceVersionDate "2004.11.15"]
[SourceQuality "1"]

1. Nf3 Nf6 2. g3 d5 3. Bg2 c6 4. 0-0 Bf5 5. d3 e6 6. Nbd2 Be7 7. Qe1 h6 8. e4 Bh7 9. Qe2 0-0 10. Re1 dxe4 11. dxe4 Na6 12. Qc4 Qb6 13. Nb3 Qb4 14. Nfd2 Rfd8 15. a3 Qxc4 16. Nxc4 Nc5 17. Nca5 Rd7 18. f3 Nxb3 19. Nxb3 b6 20. Be3 Rad8 21. Bf1 g5 22. g4 Ne8 23. c3 Nd6 24. a4 f5 25. Nd4 fxe4 26. Nxe6 Re8 27. f4 gxf4 28. Nxf4 Bg5 29. Nh5 Bh4 30. Red1 Red8 31. Be2 Bg6 32. Bxh6 Bf7 33. Bf4 Nc4 34. Rxd7 Rxd7 35. Bxc4 Bxc4 36. g5 Kf7 37. Nf6 Re7 38. Be3 Re5 39. Ng4 Rd5 40. Nf2 Bxg5 41. Re1 Bh4 42. Bf4 Bd3 43. Bg3 Be7 44. Nxe4 Bc2 45. Bb8 a6 46. Bc7 Bxa4 47. Bxb6 Rb5 48. Bd4 Rxb2 49. Ra1 Bb5 50. c4 Rb4 51. cxb5 axb5 52. Rf1+ Kg6 53. Rd1 c5 1/2-1/2

[Event "SUI-chT"]
[Site "Switzerland"]
[Date "2003.09.07"]
[Round "7.8"]
[White "Zimmermann, Peter"]
[Black "Friedrich, Norbert"]
[Result "1/2-1/2"]
[WhiteElo "2205"]
[BlackElo "2296"]
[PlyCount "56"]
[EventDate "2003.03.23"]
[EventType "team-tourn"]
[EventRounds "9"]
[EventCountry "SUI"]
[SourceTitle "EXT 2004"]
[Source "ChessBase"]
[SourceDate "2003.11.25"]
[SourceVersion "1"]
[SourceVersionDate "2003.11.25"]
[SourceQuality "1"]
[WhiteTeam "Bern"]
[BlackTeam "Zuerich"]
[WhiteTeamCountry "SUI"]
[BlackTeamCountry "SUI"]

1. e4 c5 2. Nf3 e6 3. d4 cxd4 4. c3 Nf6 5. e5 Nd5 6. cxd4 d6 7. a3 Nc6 8. Bd3 g6 9. 0-0 Bg7 10. Re1 0-0 11. b4 b6 12. Bb2 Bb7 13. Qb3 Nce7 14. Nbd2 Nf4 15. Be4 Bxe4 16. Nxe4 dxe5 17. Rad1 Qd5 18. Qc2 Rac8 19. Qb1 Qb3 20. dxe5 Nf5 21. Rd2 Rfd8 22. Red1 Rd5 23. Rxd5 exd5 24. Ned2 Qc2 25. Ne1 Qc6 26. Ndf3 h5 27. g3 Ne6 28. Qd3 Rd8 1/2-1/2

[Event "Bern op"]
[Site "Bern"]
[Date "1995.??.??"]
[Round "7"]
[White "Zimmermann, Peter"]
[Black "Ye, Jiangchuan"]
[Result "0-1"]
[WhiteElo "2105"]
[BlackElo "2575"]
[PlyCount "88"]
[EventDate "1995.02.??"]
[EventType "swiss"]
[EventRounds "9"]
[EventCountry "SUI"]
[SourceTitle "EXT 2000"]
[Source "ChessBase"]
[SourceDate "1999.11.16"]
[SourceVersion "1"]
[SourceVersionDate "1999.11.16"]
[SourceQuality "1"]

1. e4 c5 2. d4 cxd4 3. c3 Nf6 4. e5 Nd5 5. Nf3 Nc6 6. cxd4 d6 7. Bc4 Nb6 8. Bb5 dxe5 9. Nxe5 Bd7 10. Bxc6 Bxc6 11. Nxc6 bxc6 12. Nc3 g6 13. 0-0 Bg7 14. Be3 0-0 15. Qd3 a5 16. Rfd1 a4 17. Rac1 Qd7 18. h3 Rfd8 19. Qc2 Qb7 20. Ne4 Nd5 21. Nc5 Qb5 22. a3 Nxe3 23. fxe3 e5 24. dxe5 Rxd1+ 25. Rxd1 Bxe5 26. Rd2 Bxb2 27. Qxb2 Qxc5 28. Rd4 h5 29. Kh1 Re8 30. e4 Qe5 31. Qb6 c5 32. Rd5 Qxe4 33. Qxc5 Qe1+ 34. Kh2 h4 35. Rd3 Qb1 36. Re3 Qb8+ 37. Kh1 Rc8 38. Qe7 Qf4 39. Re1 Rc3 40. Rd1 Rxh3+ 41. gxh3 Qf3+ 42. Kg1 Qg3+ 43. Kh1 Qxh3+ 44. Kg1 Qg3+ 0-1